Komunitná umelecká kaviareň

Gespeichert in:
Bibliographische Detailangaben
1. Verfasser: Pozdechová, Marianna (Verfasst von)
Weitere Verfasser: Provazník, Robert (Betreuung Doktorarbeit)
Format: Manuskript Buch
Sprache:Slowakisch
Veröffentlicht: 2025
Schlagworte:
Online-Zugang:http://is.stuba.sk/zp/portal_zp.pl?podrobnosti=167355
CRZP
Tags: Tag hinzufügen
Keine Tags, Fügen Sie das erste Tag hinzu!

MARC

LEADER 00000ntm a22000003a 4500
001 stuzp104420
003 SK-STU
005 20250731150614.9
007 ta
008 150427s2015----xo-----f-mn---000-0-slo-d
040 |a STU  |b slo 
041 0 |a slo 
100 1 |a Pozdechová, Marianna  |u 010310  |4 aut  |U SvF Stavebná fakulta  |T SvF Katedra architektúry  |X 114735  |U V181|V310  |Y 19  |7 114735 
242 0 1 |a Community-Based Busking Café  |y eng 
245 1 0 |a Komunitná umelecká kaviareň 
260 |c 2025 
650 4 |a história  |2 slo 
650 4 |a Trnava  |2 slo 
650 4 |a komunita  |2 slo 
650 4 |a kaviareň  |2 slo 
650 4 |a umenie  |2 slo 
650 4 |a community  |2 eng 
650 4 |a café  |2 eng 
650 4 |a art  |2 eng 
650 4 |a history  |2 eng 
650 4 |a Trnava  |2 eng 
700 1 |a Provazník, Robert  |u 010310  |k Z1  |4 ths  |U SvF Stavebná fakulta  |T SvF Katedra architektúry  |X 75484  |U V181|V310  |Y 19  |7 75484 
856 4 |u http://is.stuba.sk/zp/portal_zp.pl?podrobnosti=167355 
856 4 |u https://opac.crzp.sk/?fn=detailBiblioForm&sid=99033F13ACC73F95B6844B9E2DA6  |z CRZP